000 00705nam a2200217 a 4500
001 000022994
005 20250707112615.0
008 101124s1987 mx r 000 0 spa d
020 _a9682314143
040 _aDO-SdBNP
_bspa
_cBNPHU
082 _a305.42
_bJ64m
100 1 _aJoekes, Susan P.
_947296
245 1 3 _aLa mujer y la economía mundial /
_cSusan P. Joekes ; prólogo de Dunja Pastizzi-Ferencic.
260 _aMéxico :
_bSiglo veintiuno ,
_c1987.
300 _a205 p. ;
_c21 cm.
650 4 _aMujeres
_xCuestiones sociales y morales
_911704
650 4 _aParticipación de la mujer
_947297
650 0 _aEconomia
_985383
700 1 _aPastizzi-Ferencic, Dunja
_epról.
_947298
049 _aBNGR
999 _c22491
_d22491